| 000 | 00767nam a2200229 i 4500 | ||
|---|---|---|---|
| 001 | 181872 | ||
| 003 | ES-MaACL | ||
| 005 | 20240415105055.0 | ||
| 008 | 130503s2009 ag |||| | spa d | ||
| 020 | _a978-987-02-3922-2 | ||
| 080 | _a82-1"19"(082.2) | ||
| 245 | 0 | 0 |
_aPoemas por Palestina _b: poemas de paz, poemas de vida / _cAutores varios ; [coordinado por Andrea López y Raquel Herrero Alverola]. |
| 250 | _a[1ª ed.]. | ||
| 260 |
_aBuenos Aires : _bDunken, _c2009. |
||
| 300 |
_a157 p. ; _c23 cm. |
||
| 650 | 0 | 4 |
_aPoesía- _yS.XX _916200 |
| 700 | 1 |
_aLópez, Andrea. _9152675 |
|
| 700 | 1 |
_aHerrero Alverola, Raquel. _9152676 |
|
| 852 |
_aES-MaACL _jA-12699 _9188780 _bR.148970 _cDEPO1 _dOlim: N-5699 |
||
| 942 |
_2udc _cMONOGRAFIA |
||
| 999 |
_c181872 _d181872 |
||